[Event "Masters Tournament (MTO)"]
[Site "Biel, CH"]
[Date "2025.07.15"]
[Round "2"]
[White "Chen, Jun-Wei"]
[Black "Banh Gia Huy"]
[Result "1/2-1/2"]
[Board "34"]
[WhiteFideId "16304128"]
[BlackFideId "12424714"]
[BlackTitle "IM"]
[WhiteElo "1906"]
[BlackElo "2445"]
[WhiteTeam "TPE"]
[BlackTeam "VIE"]
[WhiteClock "0:17:20"]
[BlackClock "0:04:45"]
[Variant "Standard"]

1. e4 {[%clk 1:40:55]}  e5 {[%clk 1:40:56]} 2. Nf3 {[%clk 1:41:15]}  Nc6 {[%clk 1:41:25]} 3. Bc4 {[%clk 1:41:36]}  Bc5 {[%clk 1:41:52]} 4. d3 {[%clk 1:41:43]}  Nf6 {[%clk 1:42:16]} 5. O-O {[%clk 1:41:52]}  d6 {[%clk 1:42:37]} 6. c3 {[%clk 1:41:58]}  a5 {[%clk 1:43:01]} 7. Re1 {[%clk 1:41:26]}  Ba7 {[%clk 1:43:24]} 8. Nbd2 {[%clk 1:40:59]}  O-O {[%clk 1:40:48]} 9. Nf1 {[%clk 1:40:02]}  Be6 {[%clk 1:37:41]} 10. Bb5 {[%clk 1:34:03]}  Ne7 {[%clk 1:37:12]} 11. d4 {[%clk 1:31:03]}  Ng6 {[%clk 1:36:16]} 12. Ng3 {[%clk 1:33:31]}  c6 {[%clk 1:30:39]} 13. Bd3 {[%clk 1:30:06]}  Re8 {[%clk 1:24:26]} 14. h3 {[%clk 1:03:41]}  h6 {[%clk 1:08:39]} 15. Be3 {[%clk 1:18:56]}  Nf4 {[%clk 1:03:57]} 16. Bxf4 {[%clk 1:17:59]}  exf4 {[%clk 1:04:19]} 17. Nf1 {[%clk 1:14:36]}  g5 {[%clk 0:54:32]} 18. Qc2 {[%clk 1:15:07]}  Kg7 {[%clk 0:52:34]} 19. Rad1 {[%clk 1:13:50]}  Qc7 {[%clk 0:51:43]} 20. c4 {[%clk 1:11:22]}  a4 {[%clk 0:47:58]} 21. b4 {[%clk 1:09:32]}  axb3 {[%clk 0:46:19]} 22. axb3 {[%clk 1:08:42]}  c5 {[%clk 0:40:30]} 23. d5 {[%clk 1:09:28]}  Bd7 {[%clk 0:40:58]} 24. Qb2 {[%clk 1:09:25]}  Bb6 {[%clk 0:41:06]} 25. e5 {[%clk 1:01:01]}  dxe5 {[%clk 0:41:21]} 26. Nxe5 {[%clk 0:55:01]}  Qd6 {[%clk 0:37:37]} 27. Nh2 {[%clk 0:44:41]}  Bc7 {[%clk 0:29:21]} 28. Nhf3 {[%clk 0:43:40]}  Ba5 {[%clk 0:24:19]} 29. Re2 {[%clk 0:42:24]}  Bb4 {[%clk 0:22:43]} 30. Ra1 {[%clk 0:39:15]}  Rxa1+ {[%clk 0:20:56]} 31. Qxa1 {[%clk 0:42:47]}  Bc8 {[%clk 0:09:38]} 32. Ra2 {[%clk 0:38:44]}  Kg8 {[%clk 0:10:47]} 33. Ra8 {[%clk 0:30:42]}  Kg7 {[%clk 0:11:10]} 34. h4 {[%clk 0:23:13]}  gxh4 {[%clk 0:07:56]} 35. Rxc8 {[%clk 0:24:19]}  Rxc8 {[%clk 0:08:17]} 36. Nxh4 {[%clk 0:22:37]}  Qa6 {[%clk 0:05:01]} 37. Nf5+ {[%clk 0:25:02]}  Kh8 {[%clk 0:04:44]} 38. Qc1 {[%clk 0:19:50]}  Re8 {[%clk 0:03:47]} 39. Nxh6 {[%clk 0:17:35]}  Kg7 {[%clk 0:02:09]} 40. Nf5+ {[%clk 0:15:12]}  Kg8 {[%clk 0:01:35]} 41. Nf3 {[%clk 0:13:19]}  Nd7 {[%clk 0:21:51]} 42. Qxf4 {[%clk 0:12:12]}  Qa1+ {[%clk 0:22:12]} 43. Kh2 {[%clk 0:42:39]}  Qf6 {[%clk 0:20:37]} 44. Qg3+ {[%clk 0:36:32]}  Kf8 {[%clk 0:19:54]} 45. Ng5 {[%clk 0:35:41]}  Qh8+ {[%clk 0:18:38]} 46. Nh4 {[%clk 0:34:16]}  Qh5 {[%clk 0:06:58]} 47. Nxf7 {[%clk 0:32:31]}  Nf6 {[%clk 0:05:01]} 48. Bg6 {[%clk 0:23:59]}  Qg4 {[%clk 0:04:58]} 49. Qxg4 {[%clk 0:21:25]}  Nxg4+ {[%clk 0:05:24]} 50. Kg3 {[%clk 0:21:42]}  Nf6 {[%clk 0:04:22]} 51. Kf3 {[%clk 0:19:13]}  Ra8 {[%clk 0:04:32]} 52. Nf5 {[%clk 0:17:20]}  Ra3 {[%clk 0:04:45]} 1/2-1/2

[Event "Masters Tournament (MTO)"]
[Site "Biel, CH"]
[Date "2025.07.15"]
[Round "2"]
[White "Oestmann, Lukas"]
[Black "Poeck, Ole"]
[Result "0-1"]
[Board "35"]
[WhiteFideId "1326457"]
[BlackFideId "4682742"]
[BlackTitle "FM"]
[WhiteElo "2007"]
[BlackElo "2304"]
[WhiteTeam "SUI"]
[BlackTeam "GER"]
[WhiteClock "0:15:40"]
[BlackClock "0:54:49"]
[Variant "Standard"]

1. e4 {[%clk 1:40:57]}  c6 {[%clk 1:40:47]} 2. c4 {[%clk 1:38:19]}  d5 {[%clk 1:41:05]} 3. cxd5 {[%clk 1:38:46]}  cxd5 {[%clk 1:41:27]} 4. exd5 {[%clk 1:39:13]}  Nf6 {[%clk 1:41:46]} 5. Nc3 {[%clk 1:39:42]}  Nxd5 {[%clk 1:42:05]} 6. Nf3 {[%clk 1:40:05]}  e6 {[%clk 1:42:02]} 7. d4 {[%clk 1:40:14]}  Nxc3 {[%clk 1:42:27]} 8. bxc3 {[%clk 1:40:38]}  Qc7 {[%clk 1:42:52]} 9. Bd2 {[%clk 1:39:04]}  Nd7 {[%clk 1:43:12]} 10. Bd3 {[%clk 1:34:50]}  b6 {[%clk 1:43:34]} 11. O-O {[%clk 1:30:15]}  Bb7 {[%clk 1:43:59]} 12. Re1 {[%clk 1:28:49]}  Bd6 {[%clk 1:44:20]} 13. Rb1 {[%clk 1:26:16]}  O-O {[%clk 1:39:44]} 14. h3 {[%clk 1:17:40]}  h6 {[%clk 1:33:57]} 15. Qe2 {[%clk 1:10:01]}  Bf4 {[%clk 1:36:56]} 16. Ne5 {[%clk 0:57:53]}  Bxd2 {[%clk 1:33:35]} 17. Qxd2 {[%clk 0:57:49]}  Nxe5 {[%clk 1:33:50]} 18. Rxe5 {[%clk 0:55:53]}  Rac8 {[%clk 1:33:39]} 19. Re3 {[%clk 0:55:13]}  Rfd8 {[%clk 1:30:21]} 20. Rg3 {[%clk 0:53:48]}  Kf8 {[%clk 1:30:50]} 21. Bc2 {[%clk 0:48:46]}  Bd5 {[%clk 1:16:30]} 22. a3 {[%clk 0:41:19]}  Rd6 {[%clk 1:07:10]} 23. Rc1 {[%clk 0:36:40]}  Bc4 {[%clk 1:00:21]} 24. Qf4 {[%clk 0:35:46]}  Rd5 {[%clk 0:59:11]} 25. Qe4 {[%clk 0:34:10]}  Rf5 {[%clk 0:54:17]} 26. Qe3 {[%clk 0:29:05]}  Rf6 {[%clk 0:58:04]} 27. Rg4 {[%clk 0:26:02]}  Bd5 {[%clk 0:52:14]} 28. Bd3 {[%clk 0:19:30]}  Bc4 {[%clk 0:50:01]} 29. Bc2 {[%clk 0:19:42]}  Qd6 {[%clk 0:45:16]} 30. Ra1 {[%clk 0:18:32]}  g5 {[%clk 0:39:42]} 31. Qe4 {[%clk 0:13:12]}  Bd5 {[%clk 0:37:16]} 32. Qd3 {[%clk 0:12:40]}  Ke7 {[%clk 0:35:32]} 33. Rg3 {[%clk 0:12:44]}  Qf4 {[%clk 0:34:32]} 34. Qe3 {[%clk 0:12:10]}  Qxe3 {[%clk 0:31:31]} 35. Rxe3 {[%clk 0:12:37]}  Kd6 {[%clk 0:30:41]} 36. a4 {[%clk 0:12:39]}  Rf4 {[%clk 0:29:11]} 37. a5 {[%clk 0:12:18]}  b5 {[%clk 0:29:23]} 38. Rb1 {[%clk 0:08:17]}  a6 {[%clk 0:29:31]} 39. Rb2 {[%clk 0:05:59]}  h5 {[%clk 0:28:25]} 40. Bd1 {[%clk 0:04:54]}  h4 {[%clk 0:27:58]} 41. Bh5 {[%clk 0:24:58]}  Rc4 {[%clk 0:24:02]} 42. Bd1 {[%clk 0:22:09]}  Re4 {[%clk 0:56:02]} 43. Rbe2 {[%clk 0:22:27]}  Rxe3 {[%clk 0:56:10]} 44. Rxe3 {[%clk 0:22:49]}  b4 {[%clk 0:53:28]} 45. Kf1 {[%clk 0:18:54]}  Rxc3 {[%clk 0:48:29]} 46. Rxc3 {[%clk 0:14:58]}  bxc3 {[%clk 0:53:33]} 47. f3 {[%clk 0:15:20]}  Bc4+ {[%clk 0:52:47]} 48. Ke1 {[%clk 0:15:04]}  Bd3 {[%clk 0:54:09]} 49. Bb3 {[%clk 0:15:12]}  f6 {[%clk 0:53:04]} 50. Ba2 {[%clk 0:14:41]}  Bf1 {[%clk 0:54:33]} 51. Kd1 {[%clk 0:14:01]}  Bxg2 {[%clk 0:54:43]} 52. Bc4 {[%clk 0:15:15]}  Bxf3+ {[%clk 0:55:04]} 53. Kc2 {[%clk 0:15:40]}  g4 {[%clk 0:54:49]} 0-1

[Event "Masters Tournament (MTO)"]
[Site "Biel, CH"]
[Date "2025.07.15"]
[Round "2"]
[White "Jakob, Simon"]
[Black "Talwalkar, Vedant"]
[Result "0-1"]
[Board "36"]
[WhiteFideId "1301110"]
[BlackFideId "30962498"]
[BlackTitle "FM"]
[WhiteElo "2157"]
[BlackElo "2014"]
[WhiteTeam "SUI"]
[BlackTeam "USA"]
[WhiteClock "0:20:33"]
[BlackClock "1:02:14"]
[Variant "Standard"]

1. d4 {[%clk 1:40:49]}  Nf6 {[%clk 1:40:52]} 2. c4 {[%clk 1:40:50]}  e6 {[%clk 1:41:17]} 3. Nf3 {[%clk 1:40:44]}  d5 {[%clk 1:41:32]} 4. Nc3 {[%clk 1:38:38]}  c5 {[%clk 1:41:56]} 5. cxd5 {[%clk 1:38:04]}  Nxd5 {[%clk 1:42:18]} 6. e4 {[%clk 1:34:51]}  Nxc3 {[%clk 1:42:42]} 7. bxc3 {[%clk 1:35:14]}  cxd4 {[%clk 1:43:05]} 8. cxd4 {[%clk 1:35:14]}  Bb4+ {[%clk 1:43:28]} 9. Bd2 {[%clk 1:33:25]}  Bxd2+ {[%clk 1:43:42]} 10. Qxd2 {[%clk 1:33:36]}  O-O {[%clk 1:44:03]} 11. Bc4 {[%clk 1:28:49]}  Nd7 {[%clk 1:44:23]} 12. O-O {[%clk 1:27:49]}  b6 {[%clk 1:44:49]} 13. Rfd1 {[%clk 1:06:40]}  Nf6 {[%clk 1:40:45]} 14. d5 {[%clk 0:58:08]}  exd5 {[%clk 1:39:50]} 15. exd5 {[%clk 0:58:10]}  Qd6 {[%clk 1:26:46]} 16. Qg5 {[%clk 0:53:04]}  Bg4 {[%clk 1:23:19]} 17. Rd4 {[%clk 0:48:49]}  Bxf3 {[%clk 1:15:03]} 18. gxf3 {[%clk 0:49:06]}  b5 {[%clk 1:11:12]} 19. Bd3 {[%clk 0:42:03]}  Rfe8 {[%clk 1:03:18]} 20. f4 {[%clk 0:23:27]}  Qc5 {[%clk 1:03:04]} 21. Rd1 {[%clk 0:20:33]}  Qxd4 {[%clk 1:02:14]} 0-1

[Event "Masters Tournament (MTO)"]
[Site "Biel, CH"]
[Date "2025.07.15"]
[Round "2"]
[White "Vihaan Dumir"]
[Black "He, Junchen"]
[Result "1-0"]
[Board "37"]
[WhiteFideId "25901010"]
[BlackFideId "8642427"]
[WhiteTitle "CM"]
[WhiteElo "2143"]
[BlackElo "2007"]
[WhiteTeam "IND"]
[BlackTeam "CHN"]
[WhiteClock "0:30:12"]
[BlackClock "0:01:09"]
[Variant "Standard"]

1. e4 {[%clk 1:40:59]}  e5 {[%clk 1:40:14]} 2. Nf3 {[%clk 1:41:26]}  Nc6 {[%clk 1:39:28]} 3. Bb5 {[%clk 1:41:54]}  a6 {[%clk 1:38:51]} 4. Bxc6 {[%clk 1:42:21]}  dxc6 {[%clk 1:39:04]} 5. O-O {[%clk 1:42:01]}  f6 {[%clk 1:38:35]} 6. d4 {[%clk 1:36:12]}  Bg4 {[%clk 1:32:27]} 7. dxe5 {[%clk 1:43:42]}  Qxd1 {[%clk 1:32:31]} 8. Rxd1 {[%clk 1:44:10]}  fxe5 {[%clk 1:32:45]} 9. Rd3 {[%clk 1:42:46]}  Bd6 {[%clk 1:29:43]} 10. Nbd2 {[%clk 1:44:24]}  Nf6 {[%clk 1:28:49]} 11. b3 {[%clk 1:31:12]}  O-O {[%clk 1:21:53]} 12. Bb2 {[%clk 1:39:05]}  Nd7 {[%clk 1:11:30]} 13. h3 {[%clk 1:33:36]}  Bxf3 {[%clk 1:08:59]} 14. Rxf3 {[%clk 1:28:46]}  Nc5 {[%clk 1:02:37]} 15. Re1 {[%clk 1:23:50]}  Rxf3 {[%clk 0:56:24]} 16. Nxf3 {[%clk 1:32:22]}  Re8 {[%clk 0:56:20]} 17. Nd2 {[%clk 1:28:57]}  b5 {[%clk 0:48:35]} 18. Nf1 {[%clk 1:22:52]}  g6 {[%clk 0:45:20]} 19. Nh2 {[%clk 1:23:47]}  Kf7 {[%clk 0:41:19]} 20. f3 {[%clk 1:19:26]}  Ke6 {[%clk 0:39:19]} 21. Kf2 {[%clk 1:18:30]}  a5 {[%clk 0:35:53]} 22. Ke2 {[%clk 1:17:19]}  a4 {[%clk 0:35:19]} 23. Ng4 {[%clk 1:16:44]}  Ra8 {[%clk 0:26:51]} 24. Kd2 {[%clk 1:10:24]}  h5 {[%clk 0:27:19]} 25. Nf2 {[%clk 1:09:28]}  Be7 {[%clk 0:19:38]} 26. Rd1 {[%clk 0:55:16]}  Bd6 {[%clk 0:15:16]} 27. Nd3 {[%clk 0:47:45]}  axb3 {[%clk 0:08:00]} 28. axb3 {[%clk 0:53:46]}  Nd7 {[%clk 0:08:10]} 29. Ra1 {[%clk 0:48:40]}  Rxa1 {[%clk 0:08:22]} 30. Bxa1 {[%clk 0:49:09]}  c5 {[%clk 0:06:37]} 31. Bc3 {[%clk 0:47:10]}  Nb6 {[%clk 0:05:51]} 32. Ba5 {[%clk 0:39:56]}  Nd7 {[%clk 0:04:20]} 33. Ke3 {[%clk 0:35:32]}  Nb8 {[%clk 0:05:03]} 34. Be1 {[%clk 0:34:48]}  Nc6 {[%clk 0:05:16]} 35. c3 {[%clk 0:33:35]}  Na5 {[%clk 0:03:37]} 36. Nc1 {[%clk 0:34:02]}  Nc6 {[%clk 0:01:47]} 37. Kd3 {[%clk 0:32:28]}  Be7 {[%clk 0:02:07]} 38. Kc2 {[%clk 0:30:08]}  b4 {[%clk 0:01:34]} 39. Nd3 {[%clk 0:30:00]}  bxc3 {[%clk 0:01:23]} 40. Kxc3 {[%clk 0:30:27]}  Nd4 {[%clk 0:01:03]} 41. Bf2 {[%clk 0:28:23]}  Nb5+ {[%clk 0:25:21]} 42. Kb2 {[%clk 0:53:49]}  Nd4 {[%clk 0:24:19]} 43. f4 {[%clk 0:48:40]}  exf4 {[%clk 0:21:09]} 44. Nxf4+ {[%clk 0:49:06]}  Kf7 {[%clk 0:22:01]} 45. Kc3 {[%clk 0:46:12]}  Nb5+ {[%clk 0:16:21]} 46. Kc4 {[%clk 0:47:42]}  Nd6+ {[%clk 0:16:46]} 47. Kd5 {[%clk 0:47:14]}  c6+ {[%clk 0:14:13]} 48. Kxc6 {[%clk 0:47:41]}  Nxe4 {[%clk 0:09:25]} 49. Be3 {[%clk 0:37:31]}  g5 {[%clk 0:04:34]} 50. Nd3 {[%clk 0:41:11]}  Kf6 {[%clk 0:01:59]} 51. Nxc5 {[%clk 0:41:02]}  Ng3 {[%clk 0:01:59]} 52. b4 {[%clk 0:40:34]}  Nf5 {[%clk 0:01:18]} 53. Bf2 {[%clk 0:40:26]}  Ke5 {[%clk 0:01:46]} 54. b5 {[%clk 0:39:06]}  g4 {[%clk 0:01:01]} 55. hxg4 {[%clk 0:37:15]}  hxg4 {[%clk 0:02:19]} 56. b6 {[%clk 0:34:50]}  g3 {[%clk 0:01:22]} 57. b7 {[%clk 0:33:38]}  Bd6 {[%clk 0:00:53]} 58. Be1 {[%clk 0:31:02]}  Nd4+ {[%clk 0:00:50]} 59. Kb6 {[%clk 0:29:28]}  Kd5 {[%clk 0:01:03]} 60. Na6 {[%clk 0:29:39]}  Nc6 {[%clk 0:01:02]} 61. Nc7+ {[%clk 0:29:44]}  Bxc7+ {[%clk 0:01:09]} 62. Kxc7 {[%clk 0:30:12]} 1-0

[Event "Masters Tournament (MTO)"]
[Site "Biel, CH"]
[Date "2025.07.15"]
[Round "2"]
[White "Pisan, Kai"]
[Black "Hirzel, Cedric"]
[Result "0-1"]
[Board "38"]
[WhiteFideId "39904881"]
[BlackFideId "1341910"]
[WhiteElo "1995"]
[BlackElo "2141"]
[WhiteTeam "USA"]
[BlackTeam "SUI"]
[WhiteClock "0:25:41"]
[BlackClock "0:29:47"]
[Variant "Standard"]

1. b3 {[%clk 1:40:56]}  d5 {[%clk 1:33:05]} 2. Bb2 {[%clk 1:41:18]}  e6 {[%clk 1:33:03]} 3. Nf3 {[%clk 1:40:43]}  Nf6 {[%clk 1:32:57]} 4. e3 {[%clk 1:38:45]}  Be7 {[%clk 1:33:12]} 5. c4 {[%clk 1:37:26]}  O-O {[%clk 1:32:11]} 6. Qc2 {[%clk 1:33:45]}  c5 {[%clk 1:24:43]} 7. Bd3 {[%clk 1:30:23]}  Nc6 {[%clk 1:19:29]} 8. a3 {[%clk 1:29:24]}  h6 {[%clk 1:16:27]} 9. Nc3 {[%clk 1:18:57]}  a6 {[%clk 0:59:28]} 10. h3 {[%clk 1:15:13]}  Qc7 {[%clk 0:57:20]} 11. g4 {[%clk 1:12:08]}  d4 {[%clk 0:49:08]} 12. Ne4 {[%clk 1:09:31]}  Nxe4 {[%clk 0:46:16]} 13. Bxe4 {[%clk 1:09:49]}  e5 {[%clk 0:46:08]} 14. g5 {[%clk 1:01:27]}  h5 {[%clk 0:40:33]} 15. g6 {[%clk 0:57:09]}  fxg6 {[%clk 0:40:47]} 16. Rg1 {[%clk 0:43:40]}  Bf5 {[%clk 0:39:30]} 17. Ng5 {[%clk 0:39:32]}  Bxg5 {[%clk 0:36:20]} 18. Rxg5 {[%clk 0:39:41]}  Qd8 {[%clk 0:36:34]} 19. h4 {[%clk 0:31:53]}  d3 {[%clk 0:19:52]} 20. Bd5+ {[%clk 0:32:04]}  Qxd5 {[%clk 0:20:15]} 21. cxd5 {[%clk 0:32:20]}  dxc2 {[%clk 0:20:41]} 22. dxc6 {[%clk 0:32:22]}  Rfe8 {[%clk 0:18:44]} 23. f3 {[%clk 0:26:10]}  bxc6 {[%clk 0:16:59]} 24. e4 {[%clk 0:24:53]}  Rab8 {[%clk 0:16:56]} 25. Bc1 {[%clk 0:18:24]}  Be6 {[%clk 0:07:19]} 26. Rxe5 {[%clk 0:17:07]}  Bxb3 {[%clk 0:07:11]} 27. Rxc5 {[%clk 0:14:01]}  Ba4 {[%clk 0:05:02]} 28. Ra2 {[%clk 0:13:47]}  Rb1 {[%clk 0:04:18]} 29. Raxc2 {[%clk 0:13:52]}  Bxc2 {[%clk 0:04:43]} 30. Rxc2 {[%clk 0:14:10]}  Rf8 {[%clk 0:03:04]} 31. Ke2 {[%clk 0:13:32]}  Rf4 {[%clk 0:02:47]} 32. Rxc6 {[%clk 0:12:45]}  Rxh4 {[%clk 0:03:13]} 33. d4 {[%clk 0:12:11]}  Rh2+ {[%clk 0:03:01]} 34. Kd3 {[%clk 0:11:37]}  Rb3+ {[%clk 0:02:09]} 35. Kc4 {[%clk 0:11:17]}  Rc2+ {[%clk 0:01:56]} 36. Kxb3 {[%clk 0:11:12]}  Rxc6 {[%clk 0:02:22]} 37. Bg5 {[%clk 0:11:22]}  Kf7 {[%clk 0:02:05]} 38. d5 {[%clk 0:11:18]}  Rc8 {[%clk 0:00:41]} 39. e5 {[%clk 0:10:57]}  Rc5 {[%clk 0:00:42]} 40. d6 {[%clk 0:09:52]}  Ke6 {[%clk 0:00:37]} 41. f4 {[%clk 0:08:00]}  Rb5+ {[%clk 0:29:30]} 42. Kc4 {[%clk 0:28:15]}  Rb1 {[%clk 0:29:47]} 43. Kc5 {[%clk 0:28:11]}  Ra1 {[%clk 0:29:24]} 44. Kc6 {[%clk 0:27:52]}  Rxa3 {[%clk 0:29:18]} 45. f5 {[%clk 0:25:50]}  gxf5 {[%clk 0:29:30]} 46. Bd2 {[%clk 0:25:41]}  Rd3 {[%clk 0:29:47]} 0-1

[Event "Masters Tournament (MTO)"]
[Site "Biel, CH"]
[Date "2025.07.15"]
[Round "2"]
[White "Arulanantham, Aneet"]
[Black "Bai, Xue"]
[Result "0-1"]
[Board "39"]
[WhiteFideId "1335189"]
[BlackFideId "8608717"]
[WhiteElo "1985"]
[BlackElo "2124"]
[WhiteTeam "SUI"]
[BlackTeam "CHN"]
[WhiteClock "0:05:53"]
[BlackClock "0:58:19"]
[Variant "Standard"]

1. e4 {[%clk 1:40:56]}  e5 {[%clk 1:40:55]} 2. Nf3 {[%clk 1:41:16]}  Nc6 {[%clk 1:41:20]} 3. Bb5 {[%clk 1:41:38]}  a6 {[%clk 1:41:44]} 4. Ba4 {[%clk 1:42:03]}  Nf6 {[%clk 1:42:08]} 5. O-O {[%clk 1:42:24]}  Be7 {[%clk 1:42:33]} 6. Re1 {[%clk 1:42:42]}  b5 {[%clk 1:42:57]} 7. Bb3 {[%clk 1:43:08]}  d6 {[%clk 1:43:21]} 8. c3 {[%clk 1:43:15]}  O-O {[%clk 1:43:42]} 9. h3 {[%clk 1:43:30]}  Bb7 {[%clk 1:43:31]} 10. d4 {[%clk 1:43:12]}  Re8 {[%clk 1:43:35]} 11. Nbd2 {[%clk 1:43:03]}  Bf8 {[%clk 1:43:53]} 12. a4 {[%clk 1:40:01]}  Nb8 {[%clk 1:37:12]} 13. Bc2 {[%clk 1:30:58]}  Nbd7 {[%clk 1:42:45]} 14. b3 {[%clk 1:24:43]}  g6 {[%clk 1:37:21]} 15. d5 {[%clk 1:15:59]}  c6 {[%clk 1:36:10]} 16. c4 {[%clk 1:15:09]}  Qc7 {[%clk 1:36:00]} 17. Nf1 {[%clk 1:06:46]}  Rac8 {[%clk 1:33:32]} 18. Ra2 {[%clk 1:07:31]}  Nc5 {[%clk 1:24:22]} 19. Bg5 {[%clk 1:04:09]}  Bg7 {[%clk 1:23:48]} 20. Qd2 {[%clk 1:02:41]}  bxc4 {[%clk 1:17:57]} 21. bxc4 {[%clk 1:03:02]}  a5 {[%clk 1:09:10]} 22. Ra3 {[%clk 0:52:51]}  Na6 {[%clk 1:15:54]} 23. Rc1 {[%clk 0:48:07]}  Nb4 {[%clk 1:15:08]} 24. Bb1 {[%clk 0:42:05]}  Nh5 {[%clk 1:14:22]} 25. Rd1 {[%clk 0:38:07]}  cxd5 {[%clk 1:12:49]} 26. cxd5 {[%clk 0:38:25]}  Ba6 {[%clk 1:12:51]} 27. Be3 {[%clk 0:32:46]}  Rf8 {[%clk 1:08:19]} 28. Bh6 {[%clk 0:31:19]}  f6 {[%clk 1:05:52]} 29. Bxg7 {[%clk 0:29:11]}  Qxg7 {[%clk 1:05:42]} 30. Ne3 {[%clk 0:29:46]}  Nf4 {[%clk 1:05:42]} 31. Kh2 {[%clk 0:27:00]}  Be2 {[%clk 1:04:56]} 32. Rg1 {[%clk 0:24:45]}  Bxf3 {[%clk 1:04:31]} 33. gxf3 {[%clk 0:25:12]}  Qd7 {[%clk 1:04:02]} 34. Rg3 {[%clk 0:25:17]}  Rc5 {[%clk 1:03:19]} 35. Ng4 {[%clk 0:20:19]}  h5 {[%clk 1:02:07]} 36. Ne3 {[%clk 0:20:24]}  Rfc8 {[%clk 1:02:18]} 37. Nf5 {[%clk 0:17:43]}  Kh7 {[%clk 1:02:22]} 38. Nd4 {[%clk 0:15:53]}  Rc1 {[%clk 1:01:18]} 39. Ra1 {[%clk 0:15:07]}  Rf1 {[%clk 1:00:17]} 40. Nb3 {[%clk 0:14:12]}  Qa7 {[%clk 1:00:35]} 41. Rg2 {[%clk 0:12:56]}  g5 {[%clk 0:58:37]} 42. Qb2 {[%clk 0:08:34]}  Qa6 {[%clk 0:57:22]} 43. Qd2 {[%clk 0:05:19]}  Rh1+ {[%clk 0:57:31]} 44. Kxh1 {[%clk 0:05:32]}  Qf1+ {[%clk 0:57:55]} 45. Rg1 {[%clk 0:05:53]}  Qxh3# {[%clk 0:58:19]} 0-1

[Event "Masters Tournament (MTO)"]
[Site "Biel, CH"]
[Date "2025.07.15"]
[Round "2"]
[White "Panda, Barnabas"]
[Black "Schaffner, David"]
[Result "1/2-1/2"]
[Board "40"]
[WhiteFideId "799556"]
[BlackFideId "1310607"]
[WhiteElo "2123"]
[BlackElo "1980"]
[WhiteTeam "HUN"]
[BlackTeam "SUI"]
[WhiteClock "0:14:43"]
[BlackClock "0:02:05"]
[Variant "Standard"]

1. d4 {[%clk 1:40:54]}  Nf6 {[%clk 1:40:53]} 2. c4 {[%clk 1:41:11]}  g6 {[%clk 1:41:16]} 3. Nc3 {[%clk 1:41:31]}  d5 {[%clk 1:41:32]} 4. cxd5 {[%clk 1:41:50]}  Nxd5 {[%clk 1:41:54]} 5. g3 {[%clk 1:41:20]}  Nb6 {[%clk 1:40:25]} 6. Bg2 {[%clk 1:42:15]}  Bg7 {[%clk 1:40:01]} 7. e3 {[%clk 1:42:30]}  O-O {[%clk 1:40:01]} 8. Nge2 {[%clk 1:42:47]}  Nc6 {[%clk 1:38:12]} 9. O-O {[%clk 1:38:54]}  a5 {[%clk 1:31:32]} 10. b3 {[%clk 1:33:13]}  e5 {[%clk 1:25:01]} 11. d5 {[%clk 1:32:16]}  Ne7 {[%clk 1:17:18]} 12. Ba3 {[%clk 1:28:38]}  Re8 {[%clk 1:01:39]} 13. Rc1 {[%clk 1:23:45]}  Bf8 {[%clk 0:40:22]} 14. Bc5 {[%clk 1:09:13]}  Bd7 {[%clk 0:32:36]} 15. e4 {[%clk 1:00:36]}  Nec8 {[%clk 0:29:32]} 16. Bxf8 {[%clk 0:58:07]}  Rxf8 {[%clk 0:26:49]} 17. f4 {[%clk 0:55:06]}  f6 {[%clk 0:26:23]} 18. Qd2 {[%clk 0:47:54]}  Nd6 {[%clk 0:23:59]} 19. Nd1 {[%clk 0:36:53]}  a4 {[%clk 0:21:25]} 20. Ne3 {[%clk 0:34:44]}  axb3 {[%clk 0:18:32]} 21. axb3 {[%clk 0:33:49]}  Re8 {[%clk 0:12:30]} 22. f5 {[%clk 0:31:08]}  gxf5 {[%clk 0:14:19]} 23. Nxf5 {[%clk 0:29:31]}  Bxf5 {[%clk 0:13:28]} 24. exf5 {[%clk 0:26:33]}  Re7 {[%clk 0:09:15]} 25. Nc3 {[%clk 0:22:35]}  Qe8 {[%clk 0:08:28]} 26. Ne4 {[%clk 0:21:20]}  Nxe4 {[%clk 0:08:29]} 27. Bxe4 {[%clk 0:21:43]}  Nc8 {[%clk 0:01:56]} 28. Qd3 {[%clk 0:12:25]}  Nd6 {[%clk 0:08:46]} 29. Ra1 {[%clk 0:08:42]}  Rf7 {[%clk 0:07:09]} 30. Kh1 {[%clk 0:08:30]}  Rxa1 {[%clk 0:04:05]} 31. Rxa1 {[%clk 0:11:55]}  Qb5 {[%clk 0:00:45]} 32. Qxb5 {[%clk 0:09:42]}  Nxb5 {[%clk 0:00:40]} 33. d6 {[%clk 0:10:03]}  c6 {[%clk 0:04:36]} 34. Kg2 {[%clk 0:09:03]}  Nxd6 {[%clk 0:03:30]} 35. Kf3 {[%clk 0:09:20]}  Nxe4 {[%clk 0:03:24]} 36. Kxe4 {[%clk 0:09:42]}  Rd7 {[%clk 0:03:46]} 37. Ra8+ {[%clk 0:09:12]}  Kg7 {[%clk 0:02:54]} 38. Ra4 {[%clk 0:07:55]}  Kf7 {[%clk 0:03:12]} 39. Ke3 {[%clk 0:08:02]}  Rd5 {[%clk 0:00:16]} 40. Rh4 {[%clk 0:05:42]}  Kg7 {[%clk 0:30:00]} 41. Rb4 {[%clk 0:32:51]}  Rd7 {[%clk 0:19:52]} 42. Rb6 {[%clk 0:30:08]}  Kh6 {[%clk 0:24:59]} 43. h4 {[%clk 0:26:02]}  Kg7 {[%clk 0:23:56]} 44. b4 {[%clk 0:25:35]}  h5 {[%clk 0:20:10]} 45. Kf3 {[%clk 0:22:34]}  Kf7 {[%clk 0:18:44]} 46. g4 {[%clk 0:21:54]}  hxg4+ {[%clk 0:22:59]} 47. Kxg4 {[%clk 0:22:15]}  Kg7 {[%clk 0:17:40]} 48. Kf3 {[%clk 0:22:05]}  Rc7 {[%clk 0:10:29]} 49. b5 {[%clk 0:20:41]}  cxb5 {[%clk 0:04:03]} 50. Rxb5 {[%clk 0:20:53]}  Kh6 {[%clk 0:03:27]} 51. Rb6 {[%clk 0:20:32]}  Kg7 {[%clk 0:02:13]} 52. Ke3 {[%clk 0:19:51]}  Rd7 {[%clk 0:02:11]} 53. Ke2 {[%clk 0:14:43]}  Kf7 {[%clk 0:02:05]} 1/2-1/2